Excavations at Chester, the northern and eastern Roman extramural settlements : excavations 1990-2019 and other investigations /
This publication presents the results of fifteen archaeological investigations carried out within the Canabae to the north and east of the Roman legionary fortress at Chester between 1990 and 2019.
المؤلف الرئيسي:
التنسيق: كتاب الكتروني
اللغة: English
منشور في:
Summertown, Oxford :
Archaeopress Publishing Ltd,
2020.
سلاسل:
Archaeopress Roman archaeology ;
71.
الموضوعات:
الوصول للمادة أونلاين: Login to view Source
الوسوم: إضافة وسم
رقم الطلب: DA690.C5
| LEADER | 01972nam a2200421 i 4500 | ||
|---|---|---|---|
| 001 | EDZ0002331956 | ||
| 003 | StDuBDS | ||
| 005 | 20230412182822.0 | ||
| 006 | m|||||o||d|||||||| | ||
| 007 | cr ||||||||||| | ||
| 008 | 200912s2020 enkab fob 000|0|eng|d | ||
| 020 | |a 9781789696288 (ebook) : |c No price | ||
| 040 | |a StDuBDS |b eng |c StDuBDS |e rda |e pn | ||
| 050 | 4 | |a DA690.C5 | |
| 082 | 0 | 4 | |a 936.2714 |2 23 |
| 100 | 1 | |a Dodd, Leigh, |e author. | |
| 245 | 1 | 0 | |a Excavations at Chester, the northern and eastern Roman extramural settlements : |b excavations 1990-2019 and other investigations / |c Leigh Dodd ; with contributions by Matthew Ball [and seven others]. |
| 264 | 1 | |a Summertown, Oxford : |b Archaeopress Publishing Ltd, |c 2020. | |
| 300 | |a 1 online resource (142 pages) : |b illustrations, maps (black and white). | ||
| 336 | |a text |2 rdacontent | ||
| 336 | |a still image |2 rdacontent | ||
| 336 | |a cartographic image |2 rdacontent | ||
| 337 | |a computer |2 rdamedia | ||
| 338 | |a online resource |2 rdacarrier | ||
| 490 | 1 | |a Archaeopress Roman archaeology ; |v 71 | |
| 500 | |a Also issued in print: 2020. | ||
| 504 | |a Includes bibliographical references. | ||
| 520 | 8 | |a This publication presents the results of fifteen archaeological investigations carried out within the Canabae to the north and east of the Roman legionary fortress at Chester between 1990 and 2019. | |
| 521 | |a Specialized. | ||
| 588 | |a Description based on online resource; title from PDF title page (viewed on September 28, 2020). | ||
| 651 | 0 | |a Chester (England) |x Antiquities, Roman. | |
| 650 | 0 | |a Excavations (Archaeology) |z England |z Chester. | |
| 776 | 0 | 8 | |i Print version : |z 9781789696271 |
| 830 | 0 | |a Archaeopress Roman archaeology ; |v 71. | |
| 856 | 4 | 0 | |3 Archaeopress |u http://library.arce.org:8087/Archaeopress/Products/9781789696271 |
| 942 | |2 lcc |c EBOOK | ||
| 952 | |0 0 |1 0 |4 0 |6 DA0690 C5 |7 1 |9 46701 |a ARCH |b ARCH |d 2023-04-12 |l 0 |o DA690.C5 |r 2023-04-12 00:00:00 |w 2023-04-12 |y EBOOK | ||
| 999 | |c 52359 |d 52359 | ||
